Road to improvement (Record no. 82805)

MARC details
000 -LEADER
fixed length control field 01214cab a22002655a 4500
001 - CONTROL NUMBER
control field L151486
008 - FIXED-LENGTH DATA ELEMENTS--GENERAL INFORMATION
fixed length control field 101108e20101030xxk 000 0 eng d
035 ## - SYSTEM CONTROL NUMBER
System control number (Sirsi) u151486
041 0# - LANGUAGE CODE
Language code of text/sound track or separate title eng
100 1# - MAIN ENTRY--PERSONAL NAME
Personal name Damms, Martin
245 00 - TITLE STATEMENT
Title Road to improvement
Remainder of title process and procedure
260 ## - PUBLICATION, DISTRIBUTION, ETC.
Date of publication, distribution, etc. 2010
490 ## - SERIES STATEMENT
Series statement Estates Gazette
Volume/sequential designation (1043) 30 October 2010, 94-95(2)
520 ## - SUMMARY, ETC.
Summary, etc. Identifes time limits for the exercise of compulsory purchase orders (CPO) as outlined in the Compulsory Purchase Act 1965 s4, explains how to exercise cpos and pros and cons of proceeding by notice to treat (NT) or a general vesting declaration (GVD). Refers to case law. Part 1 in series of two articles - See L151512 for Part 2.
590 ## - LOCAL NOTE (RLIN)
Local note KA
650 24 - SUBJECT ADDED ENTRY--TOPICAL TERM
Topical term or geographic name entry element COMPULSORY PURCHASE ACT 1965 S4
650 24 - SUBJECT ADDED ENTRY--TOPICAL TERM
Topical term or geographic name entry element COMPULSORY PURCHASE ACT 1965 S5
650 24 - SUBJECT ADDED ENTRY--TOPICAL TERM
Topical term or geographic name entry element COMPULSORY PURCHASE (VESTING DECLARATIONS) ACT 1981 S4
650 24 - SUBJECT ADDED ENTRY--TOPICAL TERM
Topical term or geographic name entry element WESTMINSTER CITY COUNCIL V QUERESHI
650 24 - SUBJECT ADDED ENTRY--TOPICAL TERM
Topical term or geographic name entry element CO-OPERATIVE INSURANCE SOCIETY V HASTINGS BOROUGH COUNCIL
651 #4 - SUBJECT ADDED ENTRY--GEOGRAPHIC NAME
Geographic name United Kingdom
Chronological subdivision
690 ## - LOCAL SUBJECT ADDED ENTRY--TOPICAL TERM (OCLC, RLIN)
Topical term or geographic name as entry element ENVIRONMENTAL AND LAND CONSULTANCY-PLANNING AND DEVELOPMENT-COMPULSORY PURCHASE AND COMPENSATION
700 1# - ADDED ENTRY--PERSONAL NAME
Personal name Foster, Richard
942 ## - ADDED ENTRY ELEMENTS (KOHA)
Suppress in OPAC 0
Holdings
Withdrawn status Lost status Source of classification or shelving scheme Damaged status Not for loan Home library Current library Shelving location Date acquired Total Checkouts Full call number Barcode Date last seen Copy number Price effective from Koha item type
    Dewey Decimal Classification     London London Journal article 08/11/2010   L151486 151486-1001 06/08/2019 1 06/08/2019 Journal article